All Governors of Alabama - Statistics

General Stats
  • This quiz has been taken 10 times
  • The average score is 19 of 61
Answer Stats
Years Served Party Governor % Correct
1963 - 1967 Democrat George Wallace
86%
1971 - 1979 Democrat George Wallace
86%
1983 - 1987 Democrat George Wallace
86%
1967 - 1968 Democrat Lurleen Wallace
86%
2017 - Present Republican Kay Ivey
71%
1868 - 1870 Republican William Hugh Smith
71%
1890 - 1894 Democrat Thomas G. Jones
57%
1857 - 1861 Democrat Andrew B. Moore
43%
2003 - 2011 Republican Bob Riley
43%
1979 - 1983 Democrat Fob James
43%
1995 - 1999 Republican Fob James
43%
1829 - 1831 Jackson Democrat Gabriel Moore
43%
1987 - 1993 Republican H. Guy Hunt
43%
1947 - 1951 Democrat Jim Folsom
43%
1955 - 1959 Democrat Jim Folsom
43%
1993 - 1995 Democrat Jim Folsom Jr.
43%
1831 Jackson Democrat Samuel B. Moore
43%
1820 - 1821 Democratic Republican Thomas Bibb
43%
1819 - 1820 Democratic Republican William Wyatt Bibb
43%
1968 - 1971 Democrat Albert Brewer
29%
1837 - 1841 Democrat Arthur P. Bagby
29%
1907 - 1911 Democrat B. B. Comer
29%
1931 - 1935 Democrat Benjamin M. Miller
29%
1927 - 1931 Democrat Bibb Graves
29%
1935 - 1939 Democrat Bibb Graves
29%
1915 - 1919 Democrat Charles Henderson
29%
1943 - 1947 Democrat Chauncey Sparks
29%
1999 - 2003 Democrat Don Siegelman
29%
1882 - 1886 Democrat Edward A. O'Neal
29%
1911 - 1915 Democrat Emmet O'Neal
29%
1821 - 1825 Democratic Republican Israel Pickens
29%
1959 - 1963 Democrat John M. Patterson
29%
1825 - 1829 Jackson Democrat John Murphy
29%
1896 - 1900 Democrat Joseph F. Johnston
29%
1845 - 1847 Independent Joshua L. Martin
29%
1865 - 1868 Nonpartisan Robert M. Patton
29%
1863 - 1865 Whig Thomas H. Watts
29%
1886 - 1890 Democrat Thomas Seay
29%
1900 Democrat William D. Jelks
29%
1901 - 1907 Democrat William D. Jelks
29%
1900 - 1901 Democrat William J. Samford
29%
1841 - 1845 Democrat Benjamin Fitzpatrick
14%
1835 - 1837 Democrat Clement Comer Clay
14%
1872 - 1874 Republican David P. Lewis
14%
1939 - 1943 Democrat Frank M. Dixon
14%
1951 - 1955 Democrat Gordon Persons
14%
1849 - 1853 Democrat Henry W. Collier
14%
1837 Democrat Hugh McVay
14%
1853 - 1857 Democrat John A. Winston
14%
1831 - 1835 Jackson Democrat, Democrat John Gayle
14%
1861 - 1863 Democrat John Gill Shorter
14%
1865 Lewis E. Parsons
14%
2011 - 2017 Republican Robert J. Bentley
14%
1878 - 1882 Democrat Rufus W. Cobb
14%
1919 - 1923 Democrat Thomas Kilby
14%
1867 - 1868 Wager Swayne
14%
1894 - 1896 Democrat William C. Oates
14%
1923 - 1927 Democrat William W. Brandon
14%
1874 - 1878 Democrat George S. Houston
0%
1847 - 1849 Democrat Reuben Chapman
0%
1870 - 1872 Democrat Robert B. Lindsay
0%
No matching quizzes found
Score Distribution
Percent of People with Each Score
Percentile by Number Answered
Your Score History
You have not taken this quiz